Салът на "Медуза" (Запис номер 40849)
[ съкратено ]
| 000 -Лидер | |
|---|---|
| Контролно поле с фиксирана дължина | 01380nam a2200337 c 4500 |
| 003 - Код на организацията, давaща контролен номер | |
| Контролно поле | BLK |
| 005 - Дата и час на последна редакция | |
| Контролно поле | 20231107153256.0 |
| 008 - Елементи от данни с фиксирана дължина | |
| fixed length control field | 180408b bul|||||r ||||||| ||bul|| |
| 010 ## - Наследен системен номер | |
| LC control number | KNG00044338000 |
| 040 ## - Източник на каталожния запис | |
| Идентификатор на билиотеката - собственик на записа | BLK |
| 041 ## - Код за език | |
| Код за езика на текст/звукозапис или на отделно заглавие | Български |
| Код за езика КДБФ | Български |
| 080 ## - УДК | |
| Текстов определител УДК | Френска литература |
| УДК код - определител по УДК | 821.133.1 |
| УДК определител | -31 |
| УДК - код + определител | 821.133.1-31 |
| 100 1# - Редна дума - Автор | |
| Автор | Вейерганс, Франсоа |
| Авторска отговорност | първи автор |
| R(LIN) | 46703 |
| 139 ## - Редно поле | |
| Редна дума | Вейерганс, Франсоа |
| Авторски знак | Вез - В 36 |
| 245 10 - Сведения за заглавието | |
| Заглавие | Салът на "Медуза" |
| Подзаглавни данни | Роман |
| Редно поле (дума) | Франсоа Вейерганс; прев. от фр. Мария Христова Коева. |
| 257 ## - Страна на издаване | |
| Страна на създаване/издаване | Франция |
| 260 ## - Област на издателските данни | |
| Място на издаване, разпространение и проч. | София |
| Име на издателя, разпространителя и проч. | Нар. култура |
| Година на издаване | 1986 |
| 300 ## - Физическа характеристика | |
| Страници | 239 с. |
| Размери/Мащаб | 17 см |
| 380 ## - Жанр | |
| Жанр | Худож. лит. |
| 490 ## - СЕРИИ (Колекции) | |
| Име на серия | Библиотека Панорама |
| №: серия | N 189 |
| 9 (RLIN) | 201932 |
| 490 ## - СЕРИИ (Колекции) | |
| Име на серия | Серия Проза |
| №: серия | N 139 |
| 9 (RLIN) | 201933 |
| 500 ## - Общи забележки | |
| Забележка | Ориг. загл. Le radeau de la Meduse / Francois Weyergans. - 20 125 тир. - Съдържа и Франсоа Вейерганс ; Франсоа Вейерганс за своя роман. |
| 700 1# - Други автори (авторска отговорност) | |
| Лично име | Коева, Мария Христова |
| 9 (RLIN) | 80419 |
| 852 ## - Местоположение | |
| Форматна сигнатура | Цб І 22919 |
| 856 4# - Електронен адрес и достъп | |
| Електронен формат | pdf - файл |
| 856 4# - Електронен адрес и достъп | |
| Електронен формат | pdf - файл |
| 999 ## - СИСТЕМНИ КОНТРОЛНИ НОМЕРА | |
| Koha biblionumber | 40849 |
| Koha biblioitemnumber | 40849 |
| 942 ## - АРТИКУЛИ | |
| Вид на библиотечния материал | Книги |
| Скрит в OPAC | Не |
| Периодичен библиозапис | Да |
| 944 ## - СЪЗДАВАНЕ И РЕДАКЦИЯ на ЗАПИСА | |
| Създаване/Редакция | Създаване |
| Дата на регистрацията/редакция | 31.08.2016 |
| Служител, извършил регистрацията/редакцията | 30560 |
| Статус, дата на статуса | Геновева Генчева |
| 944 ## - СЪЗДАВАНЕ И РЕДАКЦИЯ на ЗАПИСА | |
| Създаване/Редакция | Редакция |
| Дата на регистрацията/редакция | 31.08.2016 |
| Служител, извършил регистрацията/редакцията | Милена_Ачева |
| 999 ## - СИСТЕМНИ КОНТРОЛНИ НОМЕРА | |
| Koha biblioitemnumber | 40849 |
| Код за отписване | Код за изгубен артикул | Източник на класификационната схема | Код за повреда | Коз за рестрикции | Код за отдаване | Артикулен № | Име на библиотеката - собственик | Име на библиотеката, в която се намира в момента | Статус (Текущо местоположение) | Дата на вписване в системата | Местоположение - отдел | Цена в лева | Инвентарен номер | Систематично азбучна сигнатура | Баркод | Номер на екземпляра | Цена в евро | Служебна бележка | Служебен тип на артикула |
|---|---|---|---|---|---|---|---|---|---|---|---|---|---|---|---|---|---|---|---|
| Не е изгубен | Universal Decimal Classification | Не е повреден | без рестрикции | ползва се в читалня | 63876 | Регионална библиотека "Любен Каравелов" Русе | Регионална библиотека "Любен Каравелов" Русе | Хранилище | 1986-01-01 | Хранилище | 1.13 | 459259 | Цб І 22919 | 120000459259 | 1 | 0.58 | Вид: Д N: стар фонд Дата: 01.01.1986 | Книги | |
| Изтеглен | Не е изгубен | Universal Decimal Classification | Не е повреден | без рестрикции | заемане за дома | 63877 | Регионална библиотека "Любен Каравелов" Русе | Регионална библиотека "Любен Каравелов" Русе | Заемна - подръчен фонд | 1986-01-01 | Заемна - подръчен фонд | 1.13 | 478171 | П 840-31/В 36 | 478171 | 2 | 0.58 | Вид: Сф N: стар фонд Дата: 01.01.1986 | Книги |
| Изтеглен | Не е изгубен | Universal Decimal Classification | Не е повреден | без рестрикции | заемане за дома | 63878 | Регионална библиотека "Любен Каравелов" Русе | Регионална библиотека "Любен Каравелов" Русе | Заемна - подръчен фонд | 1986-01-01 | Заемна - подръчен фонд | 1.13 | 478173 | П 840-31/В 36 | 478173 | 3 | 0.58 | Вид: Сф N: стар фонд Дата: 01.01.1986 | Книги |